LEADER 02327cam--2200385---450 001 990008794880403321 005 20210224134549.0 012 $asaia n*o- s*s. auDo (3) 1594 (R)$2fei$5IT-NA0105 035 $a000879488 035 $aFED01000879488 035 $a(Aleph)000879488FED01 035 $a000879488 100 $a20090121d1594----km-y0itay50------ba 101 0 $alat$cgrc 102 $aFR 140 $aa---a---a----------ybb0000-- 200 1 $aVniuersa grammatica graeca. Institutiones etymologicae ex N. Clenardo, cum scholiis P. Antesignani, multis his quidem in locis recognitis, auctis & emendatis: ortographia vero, syntaxis & prosodia, ex optimis, & qui in scholis Sociatatis Iesu potissimum probantur auctoribus per Alexandrum Scot, Scotum I.V.D. collectae, & suis locis insertae, scholiis & annotationibus illustratae. Operi accesserunt indices duo ... 210 $aLugduni$cex officina Hugonis A Porta apud fratres de Gabiano$d1594 215 $a[8], 1002, 192 p.$d8° 306 $aMarca (F7350) n. 1, sul front. e marca (F7350) fregio n. 1, nel fregio a c. *2r 307 $aSegn.: *? a-z? 2A-3R? 3S? ?-?? 517 1 $aUniversa grammatica graeca. Institutiones etymologicae ex N. Clenardo, cum scholiis P. Antesignani 620 $aFrancia.$dLione 700 1$aCleynaerts,$bNicolas$d<1495-1542>$0504501 701 1$aAntesignanus,$bPetrus$0504502 701 1$aScot,$bAlexander$d$0504503 719 02$aGabiano frères$4650 801 0$aIT$bUNINA$gRICA$2UNIMARC 856 4 $zVersione elettronica fornita dalla Biblioteca Casanatense tramite "Google Books"$uhttps://books.google.it/books?id=RQpqSlmY4r8C&printsec=frontcover&hl=it&source=gbs_ge_summary_r&cad=0#v=onepage&q&f=false$e20160923 901 $aAQ 912 $a990008794880403321 952 $aSG 480/A 1$bBibl. 18.442$fFLFBC 959 $aFLFBC 996 $aVniuersa grammatica graeca. Institutiones etymologicae ex N. Clenardo, cum scholiis P. Antesignani, multis his quidem in locis recognitis, auctis & emendatis: ortographia vero, syntaxis & prosodia, ex optimis, & qui in scholis Sociatatis Iesu potissimum probantur auctoribus per Alexandrum Scot, Scotum I.V.D. collectae, & suis locis insertae, scholiis & annotationibus illustratae. Operi accesserunt indices duo ..$9808465 997 $aUNINA LEADER 03850nam 2200433 450 001 9910149390803321 005 20161111082230.0 010 $a1-78588-851-X 035 $a(CKB)3710000000933556 035 $a(MiAaPQ)EBC4732038 035 $a(CaSebORM)9781785885037 035 $a(PPN)220202184 035 $a(EXLCZ)993710000000933556 100 $a20170228h20162016 uy 0 101 0 $aeng 135 $aurcnu|||||||| 181 $2rdacontent 182 $2rdamedia 183 $2rdacarrier 200 10$aClojure programming cookbook : $ehandle every problem you come across in the world of Clojure programming with this expert collection of recipes /$fMakoto Hashimoto, Nicolas Modrzyk 205 $a1st edition 210 1$aBirmingham, England ;$aMumbai, [India] :$cPackt Publishing,$d2016. 210 4$d©2016 215 $a1 online resource (613 pages) $cillustrations 300 $aIncludes index. 311 $a1-78588-503-0 330 $aHandle every problem you come across in the world of Clojure programming with this expert collection of recipes About This Book Discover a wide variety of practical cases and real world techniques to enhance your productivity with Clojure. Learn to resolve the everyday issues you face with a functional mindset using Clojure You will learn to write highly efficient, more productive, and error-free programs without the risk of deadlocks and race-conditions Who This Book Is For This book is for Clojure developers who have some Clojure programming experience and are well aware of their shortcomings. If you want to learn to tackle common problems, become an expert, and develop a solid skill set, then this book is for you. What You Will Learn Manipulate, access, filter, and transform your data with Clojure Write efficient parallelized code through Clojure abstractions Tackle Complex Concurrency easily with Reactive Programming Build on Haskell abstractions to write dynamic functional tests Write AWS Lambda functions effortlessly Put Clojure in use into your IoT devices Use Clojure with Slack for instant monitoring Scaling your Clojure application using Docker Develop real-time system interactions using MQTT and websockets In Detail When it comes to learning and using a new language you need an effective guide to be by your side when things get rough. For Clojure developers, these recipes have everything you need to take on everything this language offers. This book is divided into three high impact sections. The first section gives you an introduction to live programming and best practices. We show you how to interact with your connections by manipulating, transforming, and merging collections. You'll learn how to work with macros, protocols, multi-methods, and transducers. We'll also teach you how to work with languages such as Java, and Scala. The next section deals with intermediate-level content and enhances your Clojure skills, here we'll teach you concurrency programming with Clojure for high performance. We will provide you with advanced best practices, tips on Clojure programming, and show you how to work with Clojure while developing applications. In the final section you will learn how to test, deploy and analyze websocket behavior when your app is deployed in the cloud. Finally, we will take you through DevOps. Developing with Clojure has never been easier with these recipes by your side! Style and approach This book takes a recipe-based ... 606 $aClojure (Computer program language) 615 0$aClojure (Computer program language) 676 $a005.133 700 $aHashimoto$b Makoto$01234099 702 $aModrzyk$b Nicolas 801 0$bMiAaPQ 801 1$bMiAaPQ 801 2$bMiAaPQ 906 $aBOOK 912 $a9910149390803321 996 $aClojure programming cookbook$92866540 997 $aUNINA LEADER 01627nam1 22003853i 450 001 MIL0034124 005 20251003044219.0 100 $a20090204g1984 ||||0itac50 ba 101 | $aeng 102 $agb 181 1$6z01$ai $bxxxe 182 1$6z01$an 183 1$6z01$anc$2RDAcarrier 200 1 $aNumerical computation of internal and external flows$fCharles Hirsch 210 $aChichester, Amsterdam ...[etc.]$cJ. Wiley$aButterworth-Heinemann 215 $a2 v.$d23 cm. 225 | $aWiley series in numerical methods in engineering 410 0$1001MIL0034125$12001 $aWiley series in numerical methods in engineering 463 1$1001MIL0034126$12001 $aˆ1: ‰Fundamentals of numerical discretization$fCharles Hirsch$v1 463 1$1001UBO1860298$12001 $aˆ2: ‰Computational methods for inviscid and viscous flows$fCharles Hirsch$v2 606 $aFluidi$xDinamica$xModelli matematici$2FIR$3CFIC053315$9I 676 $a532$9MECCANICA DEI FLUIDI. MECCANICA DEI LIQUIDI$v14 676 $a532.051015118$9MECCANICA DEI FLUIDI MECCANICA DEI LIQUIDI. DINAMICA. Modelli matematici (Simulazione matematica)$v22 696 $aDinamica (fisica) 699 $aDinamica$yDinamica (fisica) 700 1$aHirsch$b, Charles$3RAVV069367$4070$020694 801 3$aIT$bIT-000000$c20090204 850 $aIT-BN0095 901 $bNAP 01$cSALA DING $n$ 912 $aMIL0034124 950 1$aBiblioteca Centralizzata di Ateneo$cv. 1-2$d 01SALA DING 532 HIR.nu 967 $m2 977 $a 01 996 $aNumerical computation of internal and external flows$9104916 997 $aUNISANNIO